|
|
|
|
| LEADER |
00000nam0a2200000 4500 |
| 001 |
58373 |
| 005 |
20231031055039.0 |
| 010 |
|
|
|a 5756701524
|
| 035 |
|
|
|a (RuTPU)RU\TPU\book\61656
|
| 090 |
|
|
|a 58373
|
| 100 |
|
|
|a 20031201d2001 m y0rusy50 ca
|
| 101 |
0 |
|
|a rus
|
| 102 |
|
|
|a RU
|
| 105 |
|
|
|a y j 001zy
|
| 200 |
1 |
|
|a Государственное управление зарубежных стран
|e учебное пособие
|f С. В. Пронкин, О. Е. Петрунина
|
| 210 |
|
|
|a Москва
|c Аспект Пресс
|d 2001
|
| 215 |
|
|
|a 416 с.
|
| 320 |
|
|
|a Библиогр.: с. 415.
|
| 451 |
|
1 |
|0 (RuTPU)RU\TPU\book\100120
|y 5-7567-0364-0
|t Государственное управление зарубежных стран
|o учебное пособие
|f С. В. Пронкин, О. Е. Петрунина
|g Московский государственный университет им. М. В. Ломоносова
|c М.
|n Аспект Пресс
|d 2004
|p 414 с.
|s Классический университетский учебник
|a Пронкин, Сергей Владимирович
|
| 610 |
1 |
|
|a право
|
| 610 |
1 |
|
|a государство
|
| 610 |
1 |
|
|a зарубежные страны
|
| 610 |
1 |
|
|a государственное управление
|
| 610 |
1 |
|
|a административное право
|
| 610 |
1 |
|
|a административное управление
|
| 610 |
1 |
|
|a Великобритания
|
| 610 |
1 |
|
|a Северная Ирландия
|
| 610 |
1 |
|
|a США
|
| 610 |
1 |
|
|a Франция
|
| 610 |
1 |
|
|a Италия
|
| 610 |
1 |
|
|a Греция
|
| 610 |
1 |
|
|a учебные пособия
|
| 686 |
|
|
|a Х81я73
|v LBC/SL-A
|2 rubbk
|
| 700 |
|
1 |
|a Пронкин
|b С. В.
|g Сергей Владимирович
|
| 701 |
|
1 |
|a Петрунина
|b О. Е.
|g Ольга Евгеньевна
|
| 801 |
|
1 |
|a RU
|b 63413507
|c 20031201
|g PSBO
|
| 801 |
|
2 |
|a RU
|b 63413507
|c 20070829
|g PSBO
|
| 942 |
|
|
|c BK
|